Beyond archigram: the structure of circulation

Gespeichert in:
Bibliographische Detailangaben
1. Verfasser: Steiner, Hadas A (VerfasserIn)
Format: Buch
Sprache:Englisch
Veröffentlicht: Nueva York Routledge 2009
Ausgabe:1a. ed
Schlagworte:
Tags: Tag hinzufügen
Keine Tags, Fügen Sie den ersten Tag hinzu!

MARC

LEADER 00000nam a2200000 a 4500
001 UCG4854
003 CL-VaPUC
008 101209e20090000US |||||||||||||||||eng|d
020 |a 9780415394767 
082 0 4 |a 724.622  |b STE  |2 21 
100 0 |a Steiner, Hadas A  |e author  |9 554322 
245 1 0 |a Beyond archigram: the structure of circulation 
250 |a 1a. ed 
300 |a 252 p 
942 |c BK 
945 |d 20101209 00:00:00  |a dcastane 
260 |a Nueva York  |b Routledge  |c 2009 
650 0 |a Arquitectura moderna  |9 265021 
651 0 |a Inglaterra  |9 255158 
583 |a last modification  |c 20101209 00:00:00  |k Rodrigo Vera 
999 |c 343460  |d 343458 
952 |0 0  |1 0  |4 0  |6 724_622000000000000_STE_2009  |7 0  |8 A  |9 440778  |a BIBARQ  |b BIBARQ  |d 2019-11-22  |i 474120K  |o 724.622 STE 2009  |p 474120K  |r 2019-11-22  |w 2019-11-22  |y BK  |k ARQ